Statystyki dla Najpopularniejsze polskie imiona męskie

Kliknij tutaj aby rozwiązać quiz!

Ogólne statystyki

  • Ten quiz został rozwiązany 21,133 razy
    (12,308 od ostatniego zresetowania)
  • Średni wynik to 49 z 100

Statystyki odpowiedzi

Hint Answer % Correct
5.516599Jan
90%
10.399271Jakub
88%
1.700289Piotr
87%
6.512682Paweł
83%
7.486736Michał
82%
15.371835Mateusz
82%
11.398735Adam
78%
33.197650Bartosz
77%
4.541293Tomasz
76%
2.659470Krzysztof
75%
25.248920Kamil
75%
3.578355Andrzej
73%
13.385363Łukasz
73%
31.211049Kacper
73%
8.453552Marcin
71%
12.397430Marek
70%
30.218992Szymon
70%
55.123183Bartłomiej
69%
45.163179Karol
69%
21.266186Maciej
68%
53.129096Aleksander
67%
28.231469Dawid
67%
14.384716Grzegorz
66%
9.414147Stanisław
65%
23.263140Robert
64%
16.293496Wojciech
64%
50.147756Filip
64%
32.198174Janusz
63%
41.177497Patryk
63%
40.183396Damian
60%
54.128381Dominik
60%
49.147920Antoni
59%
17.302251Mariusz
59%
39.184270Sebastian
57%
18.293205Dariusz
56%
57.120771Franciszek
56%
59.113922Mikołaj
55%
44.165356Daniel
55%
51.145826Adrian
54%
63.103429Wiktor
53%
22.263844Rafal
53%
34.196644Jarosław
52%
19.289308Zbigniew
51%
69.84321Hubert
49%
71.76382Igor
49%
27.234145Tadeusz
47%
61.110639Krystian
47%
37.191128Henryk
47%
52.135285Arkadiusz
47%
26.239516Jacek
47%
43.166498Przemysław
45%
97.27790Ignacy
45%
24.251742Józef
45%
67.90698Konrad
44%
68.91273Władysław
44%
38.187882Artur
44%
87.43894Cezary
43%
62.103900Radosław
43%
20.273017Jerzy
42%
35.192522Mirosław
41%
42.171883Kazimierz
40%
73.67307Oskar
39%
70.82138Czesław
39%
36.192413Sławomir
38%
82.54671Miłosz
37%
99.27508Eryk
37%
89.40147Norbert
37%
47.155407Marian
36%
80.56685Maksymilian
35%
46.159113Roman
35%
78.61052Marcel
35%
84.49554Zenon
35%
29.231047Ryszard
34%
75.66192Stefan
33%
88.40734Nikodem
33%
48.153553Wiesław
32%
86.44037Oliwier
32%
92.34110Julian
30%
90.38076Leon
30%
64.102611Bogdan
30%
77.63396Ireneusz
30%
60.110727Zdzisław
30%
56.122620Leszek
30%
65.97085Edward
29%
58.114926Waldemar
29%
91.34652Gabriel
28%
83.552884Włodzimierz
28%
98.27559Emil
28%
96.28361Bronisław
28%
85.44642Alan
27%
93.32016Błażej
26%
66.93660Mieczysław
26%
81.56191Sylwester
25%
76.63650Zygmunt
25%
79.57917Witold
25%
100.27190Wacław
24%
95.29140Fabian
23%
72.75083Eugeniusz
23%
74.64976Bogusław
23%
94.29901Oleksandr
6%

Rozkład punktacji

Percentyl według liczby udzielonych odpowiedzi

Procent ludzi z każdym wynikiem

Twoja historia wyników

Nie rozwiązałeś tego quizu od ostatniego zresetowania